Influence of tricho-compost and pinching on growth, yield and quality of broccoli / (Record no. 17758)

MARC details
000 -LEADER
fixed length control field 00956nam a22002657a 4500
001 - CONTROL NUMBER
control field BD-DhSAU
003 - CONTROL NUMBER IDENTIFIER
control field BD-DhSAU
005 - DATE AND TIME OF LATEST TRANSACTION
control field 20250114160157.0
008 - FIXED-LENGTH DATA ELEMENTS--GENERAL INFORMATION
fixed length control field 150420b2005 bg ||||| m||| 00| 0 eng d
040 ## - CATALOGING SOURCE
Original cataloging agency BD-DhSAU
082 ## - DEWEY DECIMAL CLASSIFICATION NUMBER
Edition number 22
Classification number 635
Item number M67
100 ## - MAIN ENTRY--PERSONAL NAME
Personal name AHMED, MIR TANVIR
Relator term Registration No. # 16-07293
245 ## - TITLE STATEMENT
Title Influence of tricho-compost and pinching on growth, yield and quality of broccoli /
Remainder of title MS thesis
260 ## - PUBLICATION, DISTRIBUTION, ETC. (IMPRINT)
Place of publication, distribution, etc. Sher-e-Bangla Agricultural University:
Name of publisher, distributor, etc. Department of Horticulture,
Date of publication, distribution, etc. 2023.
300 ## - PHYSICAL DESCRIPTION
Extent xi, 78p. ;
Dimensions 30 cm.
500 ## - GENERAL NOTE
General note MS thesis of Horticulture,<br/>Faculty of Agriculture , Sher-e-Bangla Agricultural University, Dhaka, Bangladesh
504 ## - BIBLIOGRAPHY, ETC. NOTE
Bibliography, etc Includes bibliographical reference.
590 ## - Name of Cataloguer
Name of Cataloger Nazmul
650 ## - SUBJECT ADDED ENTRY--TOPICAL TERM
Topical term or geographic name as entry element tricho-compost
651 ## - SUBJECT ADDED ENTRY--GEOGRAPHIC NAME
Geographic name broccoli
700 ## - ADDED ENTRY--PERSONAL NAME
Personal name Prof. Dr. Jasim Uddain
Relator term Superviser
700 ## - ADDED ENTRY--PERSONAL NAME
Personal name Prof. Dr. Md. Jahedur Rahman
Relator term Co-superviser
942 ## - ADDED ENTRY ELEMENTS (KOHA)
Source of classification or shelving scheme Dewey Decimal Classification
Koha item type MS Level Thesis
Holdings
Withdrawn status Lost status Source of classification or shelving scheme Damaged status Not for loan Collection code Home library Branch Name Date acquired Total Checkouts Full call number Barcode Date last seen Price effective from Koha item type
    Dewey Decimal Classification   Not For Loan Reference SAU Library SAU Library 14/01/2025   635 M67 45539 14/01/2025 14/01/2025 MS Level Thesis